| 000 | 01031nam a2200313Ia 4500 | ||
|---|---|---|---|
| 008 | 170203s9999 xx 000 0 und d | ||
| 020 | _a9789715907705 | ||
| 050 | _a291.2 | ||
| 050 | _b.F818e 2013 | ||
| 100 | _aCatholic Church. Pope (2013- : Francis) | ||
| 245 | _aEvangelii gaudium : | ||
| 245 | _bApostolic Exhoration of the Holy Father Francis to the bishops, Clergy, Consecrated Persons and the Lay Faithful on the Proclamation of the Gospel in Today's World / | ||
| 245 | _cFrancis, Pope, 1936- | ||
| 260 | _aPasay City : | ||
| 260 | _bPaulines Publishing House | ||
| 260 | _c2014 | ||
| 300 | _a192 pages ; | ||
| 300 | _c20 cm. | ||
| 650 | _a Catholic Church | ||
| 650 | _a Church and social problems | ||
| 650 | _a Income distribution -- Religious aspects | ||
| 650 | _a Poverty -- Religious aspects | ||
| 650 | _aEconomics -- Religious aspects | ||
| 650 | _xCatholic Church. | ||
| 650 | _xCatholic Church. | ||
| 650 | _xCatholic Church. | ||
| 650 | _xCatholic Church. | ||
| 650 | _xDoctrines. | ||
| 999 |
_c305416 _d305416 |
||